| 000 | 00603cam a2200241 4500 | ||
|---|---|---|---|
| 001 | J94252 | ||
| 008 | 090401t1998 xxu||||| |||| 00| 0 eng d | ||
| 035 | _a(Sirsi) u88868 | ||
| 041 | _aeng | ||
| 050 | _a634.92 | ||
| 110 |
_aInvestment Property Databank _92288 |
||
| 245 | _aIPD forestry index 1998. | ||
| 260 |
_aLondon _bInvestment Property Databank _c1998 |
||
| 300 | _a1 folded sheet (6p.) ; 30cm. | ||
| 350 | _a0 | ||
| 650 | _aFORESTRY INDEX | ||
| 650 | _aINDICES | ||
| 650 | _aINVESTMENT | ||
| 650 | _aTIMBER PRICES | ||
| 690 | _aRURAL PRACTICE | ||
| 942 | _n0 | ||
| 948 | _c06/10/1998 | ||
| 999 |
_c97387 _d97387 |
||